Microservices patterns : with examples in Java (Record no. 17715)

MARC details
000 -LEADER
fixed length control field 00383nam a2200145Ia 4500
008 - FIXED-LENGTH DATA ELEMENTS--GENERAL INFORMATION
fixed length control field 230312s9999||||xx |||||||||||||| ||und||
020 ## - INTERNATIONAL STANDARD BOOK NUMBER
International Standard Book Number 9781292154145
082 ## - DEWEY DECIMAL CLASSIFICATION NUMBER
Classification number 005.12
Item number VAL-M
100 ## - MAIN ENTRY--PERSONAL NAME
Personal name Richardson,Chris
245 #0 - TITLE STATEMENT
Title Microservices patterns : with examples in Java
260 ## - PUBLICATION, DISTRIBUTION, ETC.
Name of publisher, distributor, etc. Pearson
Place of publication, distribution, etc. Malaysia
Date of publication, distribution, etc. 2017
300 ## - PHYSICAL DESCRIPTION
Extent 544
650 ## - SUBJECT ADDED ENTRY--TOPICAL TERM
Topical term or geographic name entry element Computer
Form subdivision System Design
942 ## - ADDED ENTRY ELEMENTS (KOHA)
Koha item type BOOK
Holdings
Withdrawn status Lost status Source of classification or shelving scheme Damaged status Not for loan Home library Current library Date acquired Total Checkouts Full call number Barcode Date last seen Price effective from Koha item type
    Dewey Decimal Classification     Superior Information Resource Center (SIRC) Superior University- Gold Campus Superior Information Resource Center (SIRC) Superior University- Gold Campus 03/13/2023   005.12 VAL-M 18616 03/13/2023 03/13/2023 BOOK

Powered by Koha